| 000 | 00603cam a22002291 4500 | ||
|---|---|---|---|
| 001 | ne 62001603 | ||
| 003 | DLC | ||
| 005 | 20260227111738.0 | ||
| 008 | 890803s1959 xx 000 0 ara | ||
| 010 | _ane 62001603 | ||
| 035 | _a(OCoLC)23513267 | ||
| 040 |
_aDLC _cMiU _dDLC |
||
| 042 | _apremarc | ||
| 050 | 0 | 0 |
_aKRM2070 _b.K45 1959 |
| 100 | 1 | _aKhalīl, Muḥsin. | |
| 245 | 1 | 3 | _aal-Niẓām al-dustūrī. |
| 260 | _c[1959] | ||
| 300 |
_a568 p. _c24 cm. |
||
| 504 | _aBibliographical footnotes. | ||
| 650 | 0 |
_aConstitutional law _zEgypt. |
|
| 650 | 0 |
_aConstitutional law _zUnited Arab Republic. |
|
| 999 |
_c45321 _d45321 |
||